[Event "AUTO-MASTER-758"]
[Site "http://www.queenalice.com/game.php?id=553585"]
[Date "2009.3.10"]
[Round "1"]
[White "Dom81"]
[Black "gargur"]
[Result "1-0"]
[WhiteElo "2175"]
[BlackElo "1963"]

1. d4 Nf6 2. c4 g6 3. Nf3 Bg7 4. Nc3 d6 5. g3 O-O 6. Bg2 Nbd7 7. O-O c5 8. b3
cxd4 9. Nxd4 Rb8 10. h3 a6 11. Be3 Qa5 12. Qd2 Ne8 13. Rfd1 Qc7 14. Rac1 e5 15.
Nf3 b6 16. Ng5 Ndf6 17. Nge4 Be6 18. Nxd6 Nxd6 19. Qxd6 Qxd6 20. Rxd6 b5 21. c5
b4 22. Na4 e4 23. c6 Nd5 24. c7 Rbc8 25. Nb6 Nxb6 26. Rxb6 Bb2 27. Rc2 Bc3 28.
Bf4 e3 29. Rxa6 Bf5 30. Rc1 exf2+ 31. Kxf2 Rfe8 32. Bc6 Re7 33. g4 Be6 34. Ra8
Kg7 35. Rxc8 Bxc8 36. Rd1 Be5 37. Bxe5+ Rxe5 38. Bd7 Bxd7 39. Rxd7 Rc5 40. g5
Rc2 41. Ke3 h5 42. h4 Rc5 43. Kd4 Rc2 44. Kd5 Rc3 45. Kd6 1-0

[Event "AUTO-MASTER-758"]
[Site "http://www.queenalice.com/game.php?id=553586"]
[Date "2009.3.10"]
[Round "1"]
[White "gargur"]
[Black "mennecy91"]
[Result "0-1"]
[WhiteElo "2015"]
[BlackElo "2149"]

1. e4 e6 2. Nf3 d5 3. e5 c5 4. Bb5+ Bd7 5. Bxd7+ Nxd7 6. O-O Ne7 7. Re1 Ng6 8.
c3 Be7 9. d4 O-O 10. b3 Rc8 11. Be3 Qc7 12. Qd2 f6 13. g3 fxe5 14. Nxe5 Ngxe5
15. dxe5 Nxe5 16. Kg2 d4 17. cxd4 cxd4 18. Bf4 Qc6+ 19. Kh3 Nf3 20. Qe2 Rxf4 21.
Qxe6+ Qxe6+ 22. Rxe6 Rf7 0-1

[Event "AUTO-MASTER-758"]
[Site "http://www.queenalice.com/game.php?id=553587"]
[Date "2009.3.10"]
[Round "1"]
[White "mennecy91"]
[Black "gargur"]
[Result "1-0"]
[WhiteElo "2160"]
[BlackElo "2004"]

1. d4 Nf6 2. Nf3 g6 3. Bg5 Bg7 4. Nbd2 d5 5. e3 O-O 6. c3 Nbd7 7. Bd3 c6 8. h3
Qc7 9. Bf4 Qb6 10. Qc2 Ne8 11. c4 Qd8 12. O-O e6 13. Rfe1 f5 14. c5 b6 15. cxb6
Qxb6 16. Rac1 Bb7 17. Nb3 Rc8 18. Nc5 Nxc5 19. Qxc5 Qxc5 20. Rxc5 Rf7 21. Rec1
Rd7 22. Ra5 a6 23. Ra4 Bf6 24. Bxa6 Ra8 25. Bxb7 Rxa4 26. Bxc6 Raa7 27. Bxd7
Rxd7 28. a4 1-0

[Event "AUTO-MASTER-758"]
[Site "http://www.queenalice.com/game.php?id=553588"]
[Date "2009.3.10"]
[Round "1"]
[White "gargur"]
[Black "krystek23"]
[Result "0-1"]
[WhiteElo "1961"]
[BlackElo "1983"]

1. e4 c5 2. Nf3 Nc6 3. d4 cxd4 4. Nxd4 e6 5. Nxc6 bxc6 6. Bd3 Nf6 7. O-O d6 8.
Re1 Be7 9. e5 dxe5 10. Rxe5 Ba6 11. Qf3 Bxd3 12. cxd3 O-O 13. Nc3 Nd5 14. Nxd5
cxd5 15. Qh3 Qb6 16. Re2 Bf6 17. Qg3 Rfd8 18. Rb1 Qa6 19. a3 Rab8 20. b4 Rdc8
21. Ra2 Rxb4 0-1

[Event "AUTO-MASTER-758"]
[Site "http://www.queenalice.com/game.php?id=553589"]
[Date "2009.3.10"]
[Round "1"]
[White "krystek23"]
[Black "gargur"]
[Result "1-0"]
[WhiteElo "1967"]
[BlackElo "1977"]

1. c4 e5 2. Nc3 Nc6 3. Nf3 Nf6 4. g3 Bb4 5. Bg2 O-O 6. O-O e4 7. Ng5 Bxc3 8.
bxc3 Re8 9. Qc2 d5 10. Rb1 h6 11. cxd5 Qxd5 12. Nxe4 Qf5 13. Nxf6+ Qxf6 14. d4
Na5 15. Qa4 Nc6 16. d5 Bf5 17. e4 Ne5 18. exf5 Qxf5 19. Rxb7 Nf3+ 20. Bxf3 Qxf3
21. c4 Qc3 22. Rxc7 Re1 23. Qa3 Rxf1+ 24. Kxf1 1-0

[Event "AUTO-OPEN-1334"]
[Site "http://www.queenalice.com/game.php?id=582176"]
[Date "2009.5.3"]
[Round "2"]
[White "whyBish"]
[Black "gargur"]
[Result "1/2-1/2"]
[WhiteElo "2093"]
[BlackElo "1962"]

1. f4 g6 2. Nf3 Nc6 3. g3 d6 4. c3 Bh6 5. e4 Bg4 6. Be2 Qd7 7. d4 e6 8. Be3 Nge7
9. Nbd2 O-O 10. h3 Bxf3 11. Nxf3 d5 12. e5 a5 13. g4 a4 14. h4 Bg7 15. Bb5 a3
16. bxa3 h5 17. gxh5 Nf5 18. Bf2 Rxa3 19. Qc1 Rfa8 20. hxg6 fxg6 21. h5 gxh5 22.
Ng5 Qe8 23. Qc2 Ncxd4 24. cxd4 Qxb5 25. Qxc7 Qb4+ 26. Kf1 Qb5+ 27. Kg2 Qe8 28.
Qb6 R8a6 29. Qxb7 Ra7 30. Qb2 Bh6 31. Rh3 Rxh3 32. Kxh3 Bxg5 33. Rg1 Rg7 34.
Rxg5 Rxg5 35. fxg5 Kg7 36. Be1 Qc6 37. Bb4 h4 38. Qc3 Qd7 39. Qc5 Qe8 40. Be1
Qh5 41. Qc3 Qf7 42. Kg4 Kg6 43. Bxh4 Qb7 44. Qc2 Qh7 45. Bf2 Qh1 46. a4 Kf7 47.
a5 Qf1 48. g6+ Kxg6 49. Bg3 Kf7 50. Qf2 Qd1+ 51. Kh3 Qa4 52. Qd2 Qa1 53. Be1 Ke8
54. Qc3 Qd1 55. a6 Qe2 56. a7 Qa6 57. Qc7 Qf1+ 58. Kh2 Qe2+ 59. Kh3 Qd3+ 60. Kg2
Qe2+ 61. Kh3 Qf3+ 62. Kh2 Qe2+ 63. Kh3 Qf3+ 1/2-1/2

[Event "AUTO-OPEN-1334"]
[Site "http://www.queenalice.com/game.php?id=582177"]
[Date "2009.5.3"]
[Round "2"]
[White "gargur"]
[Black "whyBish"]
[Result "1/2-1/2"]
[WhiteElo "1955"]
[BlackElo "2141"]

1. e4 c5 2. a3 g6 3. Be2 Bg7 4. c4 Nc6 5. Nf3 d6 6. Qc2 Nf6 7. Nc3 O-O 8. O-O e6
9. d3 Ne8 10. Bd2 Nc7 11. h3 a6 12. Rfe1 b5 13. Rad1 bxc4 14. dxc4 Qe7 15. Qc1
Bxc3 16. bxc3 Rb8 17. Bg5 f6 18. Bh6 Rd8 19. h4 Bd7 20. Rd2 e5 21. Qd1 Be6 22.
Qa4 Rb6 23. Nh2 f5 24. g3 Rdb8 25. exf5 gxf5 26. Red1 Ne8 27. Bh5 Bf7 28. Bg5
Qe6 29. Be2 h6 30. Be3 Ne7 31. Bd3 Bh5 32. Re1 Ng6 33. Be2 Bxe2 34. Rdxe2 Kh7
35. h5 Nh8 36. Bxc5 Rb1 37. Qxa6 Nf7 38. Re3 Ng7 39. Bb4 Rxe1+ 40. Rxe1 Rc8 41.
f4 Nxh5 42. fxe5 Nxg3 43. Qb7 Rg8 44. Kf2 Ne4+ 45. Rxe4 fxe4 46. Qxe4+ Kh8 47.
Nf3 dxe5 48. a4 Rg4 49. Qd5 Qf5 50. a5 Qf4 51. Ke2 e4 52. Qd4+ Kh7 53. Nd2 Ne5
54. Kd1 Nd3 55. a6 Rg2 56. Qd7+ Rg7 57. Qd4 Rg2 58. Qd7+ Rg7 59. Qd4 Rg2 60.
Qd7+ 1/2-1/2

[Event "AUTO-OPEN-1334"]
[Site "http://www.queenalice.com/game.php?id=643382"]
[Date "2009.8.27"]
[Round "3"]
[White "Cthulhu"]
[Black "gargur"]
[Result "1-0"]
[WhiteElo "2588"]
[BlackElo "1993"]

1. d4 e6 2. c4 Nc6 3. Nf3 Nf6 4. a3 d5 5. Nc3 Be7 6. Bf4 O-O 7. e3 Re8 8. h3 a6
9. Qc2 Bd7 10. Bd3 dxc4 11. Bxc4 b5 12. Bd3 b4 13. Ne4 Nd5 14. Bh2 bxa3 15. bxa3
f5 16. Nc5 Bxc5 17. Qxc5 Qe7 18. Rc1 Qf8 19. O-O Rab8 20. Bxa6 Rb3 21. Qxf8+
Rxf8 22. Rc5 Rxa3 23. Bc4 Rc3 24. Bxd5 Rxc5 25. dxc5 exd5 26. Bxc7 Ra8 27. Rd1
Nb4 28. Kh2 Ra4 29. Kg3 Kf7 30. Be5 Bb5 31. Rb1 Bd7 32. Bc3 Nd3 33. Bd4 Ra2 34.
Rb3 f4+ 35. exf4 Nc1 36. Ng5+ Ke7 37. Re3+ Kd8 38. Kf3 g6 39. Nf7+ Kc7 40. Be5+
Kc6 41. Nd8+ Kb5 42. c6 Bc8 43. Rc3 Ne2 44. Rb3+ Kc5 45. g4 d4 46. Rb8 Ba6 47.
c7 Ra3+ 48. Kg2 Kd5 49. Nb7 Rc3 50. Rd8+ Ke4 51. c8=Q Nxf4+ 52. Bxf4 Rxc8 53.
Rxc8 Bxb7 54. Rc7 Ba6 55. Bh6 Kd5 56. Rxh7 Bb5 57. Rg7 Bd3 58. Rd7+ Kc4 59. Bg7
Be4+ 60. Kg3 Bc2 61. Rc7+ 1-0

[Event "AUTO-OPEN-1334"]
[Site "http://www.queenalice.com/game.php?id=643383"]
[Date "2009.8.27"]
[Round "3"]
[White "gargur"]
[Black "Cthulhu"]
[Result "0-1"]
[WhiteElo "1995"]
[BlackElo "2587"]

1. Nc3 d5 2. d4 Nf6 3. a3 Bf5 4. Nf3 e6 5. Nh4 Bg6 6. Nxg6 hxg6 7. Bg5 Nbd7 8.
Qd3 c5 9. e3 Rc8 10. Be2 a6 11. O-O b5 12. Bf3 Bd6 13. h3 O-O 14. a4 b4 15. Ne2
Qa5 16. Rfd1 cxd4 17. Bxf6 gxf6 18. Nxd4 Nc5 19. Qd2 f5 20. Rdc1 Ne4 21. Qe2 Be5
22. Bxe4 fxe4 23. Rd1 Rc4 24. b3 Rc3 25. Ra2 Rfc8 26. Rd2 Kg7 27. Qd1 Qb6 28.
Kf1 Rh8 29. Kg1 Bb8 30. Ne2 Rxe3 31. Qa1+ Kg8 32. a5 Qc5 33. Qf1 Rh5 34. Qd1 Qd6
35. g3 Rf3 36. Nd4 Rxg3+ 37. fxg3 Qxg3+ 38. Rg2 Qxh3 39. Qxh5 Qxh5 40. Rd2 Qg5+
41. Rg2 Qc1+ 42. Kf2 e3+ 0-1

[Event "AUTO-OPEN-1334"]
[Site "http://www.queenalice.com/game.php?id=643386"]
[Date "2009.8.27"]
[Round "3"]
[White "gargur"]
[Black "whyBish"]
[Result "1-0"]
[WhiteElo "1967"]
[BlackElo "2084"]

1. e4 c5 2. a3 g6 3. Nc3 Bg7 4. Bc4 e6 5. Nf3 Ne7 6. O-O d5 7. exd5 exd5 8. Be2
O-O 9. d4 cxd4 10. Nxd4 Nbc6 11. Be3 Nf5 12. Nxf5 Bxf5 13. Nxd5 Bxb2 14. Rb1
Bxa3 15. Bf3 Ne7 16. Rxb7 Nxd5 17. Bh6 Be6 18. Bxd5 Qxd5 19. Qa1 f6 20. Rg7+ Kh8
21. Qxa3 Rf7 22. c4 Qxc4 23. Rxf7 Bxf7 24. Qf3 1-0

[Event "AUTO-OPEN-1334"]
[Site "http://www.queenalice.com/game.php?id=643387"]
[Date "2009.8.27"]
[Round "3"]
[White "whyBish"]
[Black "gargur"]
[Result "1/2-1/2"]
[WhiteElo "2045"]
[BlackElo "1993"]

1. e4 Nf6 2. e5 Nd5 3. d4 c5 4. c4 Nb4 5. d5 d6 6. a3 Qa5 7. Bd2 Bf5 8. Nf3 dxe5
9. Nh4 Be4 10. f3 Nc2+ 11. Kf2 Qb6 12. Ra2 Bg6 13. b4 cxb4+ 14. Ke2 b3 15. Rb2
Bd3+ 16. Kxd3 Qd4+ 17. Ke2 Qxc4+ 18. Kf2 Qxd5 19. Rxc2 Qd4+ 20. Kg3 bxc2 21.
Qxc2 Nd7 22. Bb5 a6 23. Nf5 Qb6 24. Bxd7+ Kxd7 25. Rd1 Ke8 26. Nc3 Rc8 27. Qe4
Qg6+ 28. Kf2 Qc6 29. Qxe5 f6 30. Qg3 Rd8 31. Nxg7+ Kf7 32. Nf5 Rxd2+ 33. Rxd2
Qxc3 34. Re2 b5 35. Qh3 Qc5+ 36. Kf1 Qc1+ 37. Kf2 Qc5+ 38. Kf1 Qc1+ 39. Kf2 Qc5+
1/2-1/2

[Event "AUTO-OPEN-1360"]
[Site "http://www.queenalice.com/game.php?id=670813"]
[Date "2009.10.22"]
[Round "3"]
[White "Rusty"]
[Black "gargur"]
[Result "1-0"]
[WhiteElo "2365"]
[BlackElo "1989"]

1. d4 Nf6 2. c4 e6 3. Nc3 Bb4 4. Qc2 O-O 5. a3 Bxc3+ 6. Qxc3 Nc6 7. Bg5 d5 8. e3
h6 9. Bh4 g5 10. Bg3 Ne4 11. Qc2 f5 12. f3 Nxg3 13. hxg3 Kg7 14. O-O-O Qd6 15.
Bd3 Qxg3 16. c5 g4 17. Ne2 Qxg2 18. Rdf1 Kh7 19. fxg4 e5 20. Qd1 e4 21. Nf4 Qg3
22. g5 Qxe3+ 23. Kb1 Qxd4 24. Rxh6+ Kg8 25. Qh5 exd3 26. Rg6+ 1-0

[Event "AUTO-OPEN-1360"]
[Site "http://www.queenalice.com/game.php?id=670814"]
[Date "2009.10.22"]
[Round "3"]
[White "gargur"]
[Black "Rusty"]
[Result "0-1"]
[WhiteElo "2032"]
[BlackElo "2394"]

1. e4 e5 2. Ne2 Nf6 3. Nbc3 Bc5 4. d4 exd4 5. Nxd4 O-O 6. Bc4 d5 7. exd5 Re8+ 8.
Be3 Ng4 9. O-O Qd6 10. g3 Rxe3 11. fxe3 Qh6 12. Qe2 Qxe3+ 13. Qxe3 Nxe3 14. Rae1
Bxd4 15. Rf4 Nxc2+ 16. Rxd4 Nxe1 17. Re4 Nf3+ 18. Kf2 Kf8 19. Kxf3 a6 20. Kf4
Nd7 21. Rd4 Nf6 22. d6 cxd6 23. Rxd6 b5 24. Bf1 Bb7 25. Rb6 Bh1 26. Be2 h6 27.
h4 Nd7 28. Rd6 Ke7 29. Rd1 Bc6 30. Nd5+ Bxd5 31. Rxd5 Rc8 32. Rxd7+ Kxd7 33.
Bg4+ Kc7 34. Bxc8 Kxc8 35. Ke5 Kc7 36. Kd5 h5 37. Kc5 f6 38. Kd5 Kd7 39. b3 b4
40. Kc4 a5 41. Kd5 g6 42. Ke4 Ke6 43. Kf4 Kd5 44. Ke3 g5 45. g4 hxg4 0-1

[Event "AUTO-MASTER-963"]
[Site "http://www.queenalice.com/game.php?id=687673"]
[Date "2009.11.24"]
[Round "1"]
[White "ArmandoAzevedo"]
[Black "gargur"]
[Result "1-0"]
[WhiteElo "2386"]
[BlackElo "1991"]

1. c4 e6 2. Nf3 Nc6 3. Nc3 Bb4 4. e4 d6 5. d4 Nf6 6. d5 exd5 7. cxd5 Nxe4 8. Qc2
Qe7 9. Be3 Bxc3+ 10. bxc3 Nd8 11. Bd3 Nf6 12. Qb3 c5 13. O-O O-O 14. Rae1 Qc7
15. Bg5 Nh5 16. Re7 Qa5 17. Rfe1 h6 18. Bd2 Bg4 19. c4 Qb6 20. Qc2 Nf6 21. Nh4
Rb8 22. h3 Bd7 23. Bc3 Qc7 24. Nf5 Qc8 25. Nxg7 Ne4 26. Nh5 1-0

[Event "AUTO-MASTER-963"]
[Site "http://www.queenalice.com/game.php?id=687674"]
[Date "2009.11.24"]
[Round "1"]
[White "gargur"]
[Black "ArmandoAzevedo"]
[Result "0-1"]
[WhiteElo "1987"]
[BlackElo "2405"]

1. e4 Nc6 2. d4 d5 3. e5 Bf5 4. Be3 e6 5. Nf3 Qd7 6. Nh4 Be4 7. f3 Bg6 8. Nxg6
hxg6 9. Bb5 Nge7 10. g4 a6 11. Be2 O-O-O 12. Qd2 f6 13. f4 Kb8 14. Nc3 f5 15. g5
Nc8 16. O-O-O Nb6 17. h4 Na5 18. b3 Bb4 19. Bf2 Ba3+ 20. Kb1 Qe8 21. Rh3 Qf8 22.
Ka1 Bb4 23. Rdh1 c5 24. h5 gxh5 25. Rxh5 Rxh5 26. Bxh5 Rc8 27. Rh3 Nc6 28. Qd1
Nxd4 29. Nb1 Nb5 30. c3 Ba5 31. Be2 d4 32. Bxb5 axb5 33. cxd4 c4 34. Be1 Bxe1
35. Qxe1 Nd5 36. Qd2 Qd8 37. b4 Qb6 38. a3 Qc6 39. Nc3 Nxc3 40. Qxc3 Qg2 41. a4
Qf1+ 42. Kb2 Qxf4 43. axb5 Qf2+ 44. Kb1 Qg1+ 45. Kb2 Qg2+ 46. Kb1 b6 47. Rh7 f4
48. Rh3 Rd8 49. Ka1 Qa8+ 50. Kb2 Qe4 0-1

[Event "AUTO-MASTER-963"]
[Site "http://www.queenalice.com/game.php?id=687689"]
[Date "2009.11.24"]
[Round "1"]
[White "Alexandrovinsk"]
[Black "gargur"]
[Result "0-1"]
[WhiteElo "2172"]
[BlackElo "2010"]

1. d4 e6 2. e4 d5 3. Nc3 Nf6 4. Bg5 Bb4 5. e5 h6 6. Bd2 Bxc3 7. bxc3 Ne4 8. Qg4
g6 9. Bd3 Nxd2 10. Kxd2 c5 11. h4 c4 12. Bxg6 Rg8 13. Bxf7+ Kxf7 14. Qh5+ Kg7
15. Rh3 Qe8 16. Qf3 Rf8 17. Qe3 Nc6 18. Ne2 b6 19. Rah1 Bd7 20. Rg3+ Kh7 21. h5
Ne7 22. Rg4 Nf5 23. Qh3 Qf7 24. Rg6 Ne7 25. Rf6 Qg7 26. Rf4 Qg5 27. g3 Rf5 28.
Kd1 Rg8 29. Rg1 Rxf4 30. Nxf4 Nf5 31. Kc1 Nh4 32. Kb2 Nf3 33. Rh1 Qg4 34. Qf1
Nd2 35. Qe1 Qf3 36. Ng6 Ne4 37. Rh4 Kg7 38. Rf4 Qxh5 39. Nh4 Qe8 40. Qe2 Ba4 41.
Qe1 Kh8 42. Qe3 Qb5+ 43. Kc1 Qd7 44. Kb1 Qg7 45. Kb2 a5 46. Qf3 Ng5 47. Qh5 Qh7
48. Qd1 b5 49. Rf6 b4 50. cxb4 c3+ 51. Kc1 axb4 52. f4 Ne4 53. Rxe6 Nxg3 54. f5
Nxf5 55. Nxf5 Bxc2 56. Rxh6 Bxd1 57. Rxh7+ Kxh7 58. Kxd1 Rg1+ 59. Kc2 Rg2+ 60.
Kb1 Rb2+ 61. Ka1 Rf2 62. Ne7 Rf1# 0-1

[Event "AUTO-MASTER-963"]
[Site "http://www.queenalice.com/game.php?id=687690"]
[Date "2009.11.24"]
[Round "1"]
[White "gargur"]
[Black "Alexandrovinsk"]
[Result "1-0"]
[WhiteElo "1985"]
[BlackElo "2216"]

1. e4 c5 2. Nc3 g6 3. Nf3 Bg7 4. Bc4 e6 5. O-O Ne7 6. Qe1 d5 7. exd5 exd5 8.
Nxd5 Nc6 9. c3 O-O 10. Nxe7+ Nxe7 11. d3 h6 12. Qd1 Bg4 13. h3 Bd7 14. Be3 b6
15. a4 Qc7 16. Qc1 Kh7 17. Bf4 Qb7 18. Bd6 Rae8 19. Re1 Bc6 20. Qf4 f5 21. h4
Bxf3 22. Rxe7 Rxe7 23. Bxe7 Re8 24. Qxf3 Qxf3 25. gxf3 Rxe7 26. a5 Re2 27. axb6
axb6 28. Ra2 h5 29. Kf1 Re7 30. Ra6 Rb7 31. Kg2 Rb8 32. f4 b5 33. Bf7 b4 34.
Bxg6+ Kg8 35. Rc6 bxc3 36. bxc3 Bxc3 37. Rxc5 Bd4 38. Rxf5 Rb2 39. Rxh5 Rxf2+
40. Kg3 Rf1 41. Rd5 Be3 42. f5 Kg7 43. Rd7+ Kf6 44. d4 Bxd4 45. Rxd4 Ke5 46. Ra4
Rg1+ 47. Kf2 Rh1 48. h5 Kf6 49. Ra6+ Kg5 50. f6 Rh2+ 51. Kg3 Rb2 52. f7 Rb3+ 53.
Kf2 Rb2+ 54. Ke3 1-0

[Event "AUTO-MASTER-963"]
[Site "http://www.queenalice.com/game.php?id=687699"]
[Date "2009.11.24"]
[Round "1"]
[White "aormic"]
[Black "gargur"]
[Result "1-0"]
[WhiteElo "2212"]
[BlackElo "2024"]

1. e4 e5 2. Nf3 Nc6 3. Bb5 a6 4. Bxc6 dxc6 5. O-O Bg4 6. h3 Bxf3 7. Qxf3 Nf6 8.
d3 Qd7 9. Be3 Bd6 10. Nd2 O-O 11. Nb3 Qe6 12. Rfe1 a5 13. a4 Bb4 14. Re2 h6 15.
g4 Rfe8 16. Nd2 Red8 17. Nf1 Bf8 18. Ng3 g6 19. g5 hxg5 20. Bxg5 Be7 21. Qg2 Bc5
22. Kh2 Kh7 23. Rf1 Bd6 24. f4 exf4 25. Bxf4 Bxf4 26. Rxf4 Rd7 27. Ref2 Ne8 28.
d4 Ng7 29. Qf3 Kg8 30. c3 Qb3 31. e5 Qd5 32. Ne4 Nh5 33. Rh4 f5 34. Rxh5 Qxe4
35. Qxe4 1-0

[Event "AUTO-MASTER-963"]
[Site "http://www.queenalice.com/game.php?id=687700"]
[Date "2009.11.24"]
[Round "1"]
[White "gargur"]
[Black "aormic"]
[Result "0-1"]
[WhiteElo "2016"]
[BlackElo "2218"]

1. e4 e6 2. Nc3 d5 3. Nf3 Nf6 4. exd5 exd5 5. d4 c6 6. Bd3 Bd6 7. Qe2+ Qe7 8.
Qxe7+ Bxe7 9. h3 O-O 10. O-O Re8 11. Bf4 Nbd7 12. a3 Nf8 13. Rfe1 Ne6 14. Be5
Nd7 15. Bg3 g6 16. Re3 Ng7 17. Rae1 Ne6 18. Bc7 Nxc7 19. Rxe7 Rxe7 20. Rxe7 Kf8
21. Re3 Nf6 22. Re5 Bd7 23. Kh2 Re8 24. g4 Ne6 25. Kg3 Kg7 26. Ne2 h6 27. Nf4
Nxf4 28. Kxf4 g5+ 29. Ke3 Be6 30. Kd2 Nd7 31. Re3 f6 32. a4 Kf7 33. a5 Nf8 34.
Be2 Ng6 35. Ne1 Nf4 0-1

[Event "AUTO-MASTER-1018"]
[Site "http://www.queenalice.com/game.php?id=716816"]
[Date "2010.1.19"]
[Round "1"]
[White "Miras"]
[Black "gargur"]
[Result "1-0"]
[WhiteElo "2251"]
[BlackElo "2030"]

1. c4 e5 2. e3 Nc6 3. Nc3 Nf6 4. Nf3 Bb4 5. Nd5 e4 6. Nxb4 Nxb4 7. a3 Nc6 8. Nd4
Nxd4 9. exd4 O-O 10. d3 Re8 11. dxe4 Rxe4+ 12. Be3 Ng4 13. Qf3 Qe7 14. Kd2 d5
15. cxd5 Nxe3 16. fxe3 Bg4 17. Qg3 Qg5 18. h4 Qxd5 19. Bd3 c5 20. Rhf1 c4 21.
Bxe4 Qxe4 22. Ke1 f5 23. Rf2 Re8 24. Kf1 Qxe3 25. Qxe3 Rxe3 26. Rd2 Kf7 27. Rc1
b5 28. d5 Ke7 29. a4 a6 30. axb5 axb5 31. Rc3 f4 32. d6+ Kd7 33. Kf2 Rxc3 34.
bxc3 h6 35. Rd4 Be6 36. Kf3 g5 37. hxg5 hxg5 38. Ke4 Kc6 39. Ke5 Kd7 40. Rd1 Bg4
41. Rh1 Kc6 42. Rh7 Bd7 43. Rf7 1-0

[Event "AUTO-MASTER-1018"]
[Site "http://www.queenalice.com/game.php?id=716817"]
[Date "2010.1.19"]
[Round "1"]
[White "gargur"]
[Black "Miras"]
[Result "0-1"]
[WhiteElo "2032"]
[BlackElo "2297"]

1. e4 c5 2. Nc3 Nc6 3. Nf3 Nf6 4. Bb5 a6 5. Bxc6 dxc6 6. h3 e5 7. Nxe5 Nxe4 8.
Qh5 Nd6 9. O-O Be7 10. Re1 O-O 11. d3 Nf5 12. Bd2 f6 13. Nc4 b5 14. Ne3 Nd4 15.
a4 Be6 16. axb5 axb5 17. Rxa8 Qxa8 18. Ne2 Qe8 19. Nf4 Qxh5 20. Nxh5 Bd6 21. c3
Nb3 22. Nf1 Bf7 23. Nhg3 Rd8 24. Be3 Bg6 25. Ne4 Bf8 26. Ned2 Nxd2 27. Nxd2 Bxd3
28. Ra1 c4 29. Ra6 Rc8 30. f3 f5 31. f4 Bd6 32. Kf2 h6 33. Nf3 Be4 34. Nd2 Bd5
35. Nf3 Be7 36. Ne5 Kh7 37. Ra7 Re8 38. g3 Bd6 39. Bd4 Re7 40. Ra6 Rc7 41. Bb6
Rc8 42. Ra7 h5 43. Rd7 Bf8 44. Ra7 Re8 45. Bd4 Be7 46. h4 Be4 47. Nd7 Kg8 48.
Ne5 Bf6 49. Nf3 Re7 50. Ra8+ Kf7 51. Bxf6 gxf6 52. Ra6 c5 53. Rb6 Rb7 54. Rxb7+
Bxb7 55. Nh2 Ke6 56. Nf1 Bh1 57. Ne3 Be4 58. Kf1 Kd7 59. Ke1 Kc6 60. Kd1 Kb6 61.
Ke1 Ka5 62. Kd2 Ka4 63. Kc1 Kb3 64. Nf1 Bc6 65. Nd2+ Ka2 66. Kc2 Be4+ 67. Kc1
Bg2 68. Kc2 Bd5 69. Kc1 b4 70. Nf1 Be4 71. Nd2 Bd3 72. Nf3 bxc3 73. bxc3 Kb3 74.
Kd2 Be4 75. Ng1 Bg2 76. g4 fxg4 77. Ne2 Bc6 78. Ng3 Be8 79. f5 Kb2 80. Ne4 Bd7
81. Ng3 Kb3 0-1

[Event "AUTO-MASTER-1018"]
[Site "http://www.queenalice.com/game.php?id=716832"]
[Date "2010.1.19"]
[Round "1"]
[White "gargur"]
[Black "saiesha"]
[Result "1-0"]
[WhiteElo "2023"]
[BlackElo "1985"]

1. e4 d6 2. d4 Nf6 3. Nc3 g6 4. Nf3 Bg7 5. Bb5+ Bd7 6. a4 a6 7. Bc4 O-O 8. O-O
Bg4 9. h3 Bxf3 10. Qxf3 Nbd7 11. Bg5 h6 12. Be3 c6 13. a5 e5 14. Rfd1 Qc7 15.
Bb3 Rae8 16. d5 c5 17. Bc4 Kh7 18. Re1 Ng8 19. Bd2 f5 20. exf5 Rxf5 21. Qg3 Ne7
22. Bd3 Rf7 23. b3 Nf5 24. Qg4 Nf6 25. Qa4 Ref8 26. Bxf5 gxf5 27. Qc4 e4 28. Qe2
Nd7 29. Rad1 Ne5 30. Qh5 c4 31. b4 Rf6 32. Ne2 Rg6 33. Kh2 Qf7 34. Nf4 Rf6 35.
Bc3 Qe7 36. Re3 R8f7 37. Rg3 Qd7 38. Bxe5 dxe5 39. Ne2 f4 40. Rg4 Rd6 41. Rg5 f3
42. Nc3 fxg2 43. Nxe4 Rxd5 44. Rxd5 Qxd5 45. Qg6+ 1-0

[Event "AUTO-MASTER-1018"]
[Site "http://www.queenalice.com/game.php?id=716833"]
[Date "2010.1.19"]
[Round "1"]
[White "saiesha"]
[Black "gargur"]
[Result "1/2-1/2"]
[WhiteElo "2031"]
[BlackElo "2030"]

1. c4 e5 2. Nc3 Nc6 3. g3 Bc5 4. a3 Nf6 5. d3 O-O 6. e3 d5 7. cxd5 Nxd5 8. Bg2
Nxc3 9. bxc3 Qf6 10. d4 exd4 11. cxd4 Nxd4 12. exd4 Re8+ 13. Be3 Bxd4 14. Ra2
Bxe3 15. fxe3 Rxe3+ 16. Ne2 Bg4 17. h3 Qc3+ 18. Kf1 Rf3+ 19. Bxf3 Qxf3+ 20. Kg1
Qe3+ 21. Kf1 Qf3+ 22. Kg1 Qe3+ 23. Kf1 Qf3+ 1/2-1/2

[Event "AUTO-MASTER-1018"]
[Site "http://www.queenalice.com/game.php?id=716834"]
[Date "2010.1.19"]
[Round "1"]
[White "gargur"]
[Black "Phil_Corrigan"]
[Result "0-1"]
[WhiteElo "2027"]
[BlackElo "2362"]

1. e4 g6 2. d4 Bg7 3. Nc3 c6 4. Nf3 d5 5. exd5 cxd5 6. Bb5+ Nc6 7. O-O Bg4 8. h3
Bxf3 9. Qxf3 e6 10. Re1 Ne7 11. Bg5 O-O 12. Bxc6 bxc6 13. Rad1 Re8 14. b3 Qc7
15. Bf4 Qa5 16. Be5 Bxe5 17. Rxe5 c5 18. dxc5 Qxc5 19. Re2 Nf5 20. Na4 Qa3 21.
c3 Rad8 22. Qf4 Qe7 23. Qf3 Qc7 24. b4 d4 25. Red2 e5 26. Nc5 Kg7 27. a3 a5 28.
Re1 Qb6 29. Rde2 f6 30. g4 Nh4 31. Qg3 g5 32. Re4 dxc3 33. Qxc3 axb4 34. axb4
Qc6 35. Ra1 Rd4 36. Ra6 Qd5 37. Ra7+ Kh8 38. f3 Rd1+ 39. Kf2 Rd8 40. Ra3 Qc6 41.
Re1 R8d2+ 42. Re2 Qb5 43. Qe3 Qxb4 44. Nd3 Rxe2+ 45. Kxe2 Qb1 46. Qc5 Ng6 47.
Ra8+ Kg7 48. Qc4 Rxd3 49. Rg8+ Kh6 50. Rxg6+ hxg6 0-1

[Event "AUTO-MASTER-1018"]
[Site "http://www.queenalice.com/game.php?id=716835"]
[Date "2010.1.19"]
[Round "1"]
[White "Phil_Corrigan"]
[Black "gargur"]
[Result "1-0"]
[WhiteElo "2317"]
[BlackElo "2037"]

1. c4 e5 2. Nc3 Nf6 3. g3 Nc6 4. Bg2 Bb4 5. Nf3 O-O 6. O-O d6 7. d3 Bf5 8. Bd2
a5 9. a3 Bc5 10. Nd5 Nxd5 11. cxd5 Nd4 12. Rc1 Nxf3+ 13. Bxf3 f6 14. Bg2 Qd7 15.
Rc2 Qb5 16. Qc1 a4 17. Be3 b6 18. Rc4 Qb3 19. Rd1 Ra7 20. Bd2 Rb8 21. Bb4 Qa2
22. Rd2 Bxb4 23. Rxb4 Ra5 24. Qe1 Ra7 25. Rd1 c5 26. dxc6 Qf7 27. Qc3 Kh8 28. d4
Qc7 29. dxe5 fxe5 30. Qd2 Rd8 31. Qe3 Rb8 32. f4 Ra5 33. fxe5 Rxe5 34. Qd4 Rxe2
35. Qxd6 Qxd6 36. Rxd6 Rf8 37. Rf4 Re1+ 38. Rf1 Rxf1+ 39. Bxf1 g6 40. c7 Bc8 41.
Rd8 Kg7 42. Bb5 Kf7 43. Bd7 1-0